000
00301nam a22001337a 4500
003
SGT
082
_a
610.72
_b
R15P
100
_a
PATIL, AJIT
245
_a
RESEARCH METHODOLOGY & MEDICAL STATISTICS
260
_a
VARANSI
_b
CHAUKHAMBHA PUB
300
_a
221
650
_a
AYURVEDA
942
_2
ddc
_c
BK
_0
70
999
_c
11491
_d
11491